000 00382 a2200109 4500
001 ART_5574
005 20260410161827.0
008 260409a
245 1 0 _aFuentes de crecimiento de la agricultura argentina y perspectivas para la década del noventa
100 1 _aPenna, Julio A.
773 0 _tEstudios Económicos
_g- Vol. 4, Nº 7/8 (ene./dic. 1986)
_wREV5080
999 _c22916
_d22916